Online
Catalog

Manifiesta tu perra divina / (Record no. 58867)

MARC details
000 -CABECERA
campo de control de longitud fija 01611nam a2200277 i 4500
003 - IDENTIFICADOR DEL NÚMERO DE CONTROL
campo de control DO-SdBNP
005 - FECHA Y HORA DE LA ÚLTIMA TRANSACCIÓN
campo de control 20250529143749.0
007 - CAMPO FIJO DE DESCRIPCIÓN FÍSICA--INFORMACIÓN GENERAL
campo de control de longitud fija ta
008 - DATOS DE LONGITUD FIJA--INFORMACIÓN GENERAL
campo de control de longitud fija 250529b2024 dr ||||| |||| 00| 0 spa d
020 ## - NÚMERO INTERNACIONAL ESTÁNDAR DEL LIBRO
Número Internacional Estándar del Libro 9789945649314
040 ## - FUENTE DE LA CATALOGACIÓN
Centro catalogador/agencia de origen DO-SdBNP
Lengua de catalogación spa
Centro/agencia transcriptor BNPHU
Normas de descripción rda
082 ## - NÚMERO DE LA CLASIFICACIÓN DECIMAL DEWEY
Número de clasificación xxx
Número de documento/Ítem H562
Número de edición 22
100 1# - ENTRADA PRINCIPAL--NOMBRE DE PERSONA
Nombre de persona Herots, John
Término indicativo de función/relación autor
Código de función/relación aut.
9 (RLIN) 87581
245 10 - MENCIÓN DE TÍTULO
Título Manifiesta tu perra divina /
Mención de responsabilidad, etc. John Herots
264 ## - PRODUCCIÓN, PUBLICACIÓN, DISTRIBUCIÓN, FABRICACIÓN Y COPYRIGHT
Producción, publicación, distribución, fabricación y copyright Santo Domingo :
Nombre del de productor, editor, distribuidor, fabricante Impreso Printbarato,
Fecha de producción, publicación, distribución, fabricación o copyright 2024.
300 ## - DESCRIPCIÓN FÍSICA
Extensión 201 páginas ;
Dimensiones 22 cm.
336 ## - TIPO DE CONTENIDO
Término de tipo de contenido texto
Código de tipo de contenido txt
Fuente rdacontent
337 ## - TIPO DE MEDIO
Nombre/término del tipo de medio sin mediación
Código del tipo de medio n
Fuente rdamedia
338 ## - TIPO DE SOPORTE
Nombre/término del tipo de soporte volumen
Código del tipo de soporte nc
Fuente rdacarrier
500 ## - NOTA GENERAL
Nota general Libro en pasta dura.
520 ## - SUMARIO, ETC.
Sumario, etc. Esta obra esencial ofrece una guía paso a paso hacia la transformación personal.<br/><br/>Basado en una investigación exhaustiva y experiencias reales, el libro proporciona herramientas prácticas para que las mujeres exploren su sexualidad de manera íntima y significativa. Cada página ofrece una invitación a un viaje de descubrimiento personal, revelando secretos sobre la anatomía, la salud sexual y el poder del deseo femenino. Similar a cómo una novela puede desdibujar la línea entre la verdad y la ficción, este libro desafía las convenciones sociales y abre nuevas perspectivas sobre la sexualidad.<br/><br/>Las lectoras encontrarán no solo conocimiento, sino también la promesa de una transformación íntima y poderosa. Es el momento de dejar atrás el silencio y reclamar una vida sexual plena y satisfactoria.
521 ## - NOTA DE PÚBLICO DESTINATARIO
Nota de público destinatario Formación adultos.
590 ## - NOTA LOCAL (RLIN)
Nota local Inventariado, 2025/ YL
910 ## - DATOS DE OPCIÓN DEL USUARIO (OCLC)
Datos de opción del usuario YLockward
942 ## - ELEMENTOS DE PUNTO DE ACCESO ADICIONAL (KOHA)
Fuente del sistema de clasificación o colocación Dewey Decimal Classification
Tipo de ítem Koha Libro
Holdings
Estado de retiro Estado de pérdida Fuente del sistema de clasificación o colocación Restricciones de uso No para préstamo Código de colección Localización permanente Ubicación/localización actual Ubicación en estantería Fecha de adquisición Fuente de adquisición Total de préstamos Signatura topográfica completa Código de barras Fecha visto por última vez Precio válido a partir de Tipo de ítem Koha Número de copia
    Dewey Decimal Classification Excluido de préstamo   Patrimonio Dominicano Biblioteca Nacional Pedro Henríquez Ureña Biblioteca Nacional Pedro Henríquez Ureña En catalogación 08.04.2025 Depósito Legal   BNPHU PD xxx H562 2025-3833 30.04.2025 30.04.2025 Libro  
    Dewey Decimal Classification Excluido de préstamo   Patrimonio Dominicano Biblioteca Nacional Pedro Henríquez Ureña Biblioteca Nacional Pedro Henríquez Ureña En catalogación 08.04.2025 Depósito Legal   BNPHU PD xxx H562 2025-3834 30.04.2025 30.04.2025 Libro e.2
    Dewey Decimal Classification Préstamo en sala   Dominicana de Servicio Biblioteca Nacional Pedro Henríquez Ureña Biblioteca Nacional Pedro Henríquez Ureña En catalogación 08.04.2025 Depósito Legal   BNPHU DS xxx H562 2025-3835 30.04.2025 30.04.2025 Libro e.3
    Dewey Decimal Classification Préstamo en sala   Dominicana de Servicio Biblioteca Nacional Pedro Henríquez Ureña Biblioteca Nacional Pedro Henríquez Ureña En catalogación 01.04.2025 Donación   BNPHU DS xxx H562 2025-4198 13.05.2025 13.05.2025 Libro e.4
    Dewey Decimal Classification Préstamo en sala   Dominicana de Servicio Biblioteca Nacional Pedro Henríquez Ureña Biblioteca Nacional Pedro Henríquez Ureña En catalogación 01.04.2025 Donación   BNPHU DS xxx H562 2025-4199 13.05.2025 13.05.2025 Libro e.5

Powered by Koha